Statistics for Match Poland's Population 1955-2020

Click here to take the quiz!

General Stats

  • This quiz has been taken 32 times
  • The average score is 13 of 15

Answer Stats

PopulationYear% Correct
37,846,6112020
93%
37,133,8701985
90%
37,960,1931990
90%
38,458,6381995
90%
38,556,6932000
90%
38,368,9492005
90%
38,329,7812010
90%
27,269,7491955
87%
31,360,9071965
87%
32,639,2581970
87%
33,970,7241975
87%
35,539,7201980
87%
38,034,0792015
87%
29,614,2011960
83%
37,764,6812022
70%

Score Distribution

Percentile by Number Answered

Percent of People with Each Score

Your Score History

You have not taken this quiz